<?xml version="1.0" encoding="UTF-8"?>
<collection xmlns="http://www.loc.gov/MARC21/slim">
 <record>
  <leader>02367naa a2200289 a 4500</leader>
  <controlfield tag="001">1/42859</controlfield>
  <controlfield tag="008">120725s2007    ne a     b    001 0 eng d</controlfield>
  <datafield tag="020" ind1=" " ind2=" ">
   <subfield code="a">9780123725455 (e-book : PDF)</subfield>
  </datafield>
  <datafield tag="035" ind1=" " ind2=" ">
   <subfield code="l">45735</subfield>
  </datafield>
  <datafield tag="040" ind1=" " ind2=" ">
   <subfield code="a">OPELS</subfield>
   <subfield code="c">OPELS</subfield>
   <subfield code="d">OCLCG</subfield>
   <subfield code="d">GR-PeUP</subfield>
  </datafield>
  <datafield tag="041" ind1="0" ind2=" ">
   <subfield code="a">eng</subfield>
  </datafield>
  <datafield tag="245" ind1="0" ind2="0">
   <subfield code="a">Emotion in education</subfield>
   <subfield code="h">[electronic resource] /</subfield>
   <subfield code="c">[edited by] Paul A. Schutz, Reinhard Pekrun.</subfield>
  </datafield>
  <datafield tag="260" ind1=" " ind2=" ">
   <subfield code="a">Amsterdam ;</subfield>
   <subfield code="a">Boston :</subfield>
   <subfield code="b">Elsevier Academic Press,</subfield>
   <subfield code="c">c2007.</subfield>
  </datafield>
  <datafield tag="300" ind1=" " ind2=" ">
   <subfield code="a">Ένα html e-book.</subfield>
  </datafield>
  <datafield tag="500" ind1=" " ind2=" ">
   <subfield code="a">Περιέχει βιβλιογραφία και ευρετήριο.</subfield>
  </datafield>
  <datafield tag="505" ind1="0" ind2=" ">
   <subfield code="a">IIntroduction -- IITheoretical Perspectives on Emotions in Education -- IIIStudents Emotions in Educational Contexts -- IVTeachers Emotions in Educational Contexts -- VImplications and Future Directions.</subfield>
  </datafield>
  <datafield tag="520" ind1=" " ind2=" ">
   <subfield code="a">This edited book examines some of the current inquiry related to the study of emotions in educational contexts. There has been a notable increased interest in educational research on emotions. Emotion in Education represents some of the most exciting and current research on emotions and education, and has the potential to impact research in this area. This combination of variety, timeliness, potential for transformation of the field, and uniqueness make this a &quot;must-have&quot; resource for academics in the fields of education, educational psychology, emotion psychology, cultural psychology, sociology, and teacher education. The chapters have been written for scholars in the area, but authors also wrote with graduate students in mind. Therefore, the book is also be a great volume for graduate seminars. *Provides in-depth examination of emotions in educational contexts *Includes international roster of contributors who represent a variety of disciplines *Represents a number of different research approaches.</subfield>
  </datafield>
  <datafield tag="533" ind1=" " ind2=" ">
   <subfield code="a">Ηλεκτρονικό βιβλίο</subfield>
   <subfield code="n">Τρόπος πρόσβασης μέσω διαδικτύου.</subfield>
  </datafield>
  <datafield tag="650" ind1=" " ind2="4">
   <subfield code="a">Educational Psychology.</subfield>
  </datafield>
  <datafield tag="650" ind1=" " ind2="4">
   <subfield code="a">Affective education.</subfield>
  </datafield>
  <datafield tag="650" ind1=" " ind2="4">
   <subfield code="a">Emotion in children.</subfield>
  </datafield>
  <datafield tag="655" ind1=" " ind2="4">
   <subfield code="a">Electronic books.</subfield>
  </datafield>
  <datafield tag="700" ind1="1" ind2=" ">
   <subfield code="a">Schutz, Paul A.</subfield>
  </datafield>
  <datafield tag="700" ind1="1" ind2=" ">
   <subfield code="a">Pekrun, Reinhard,</subfield>
   <subfield code="d">1952-</subfield>
  </datafield>
  <datafield tag="852" ind1=" " ind2=" ">
   <subfield code="a">INST</subfield>
   <subfield code="b">UNIPILB</subfield>
   <subfield code="c">EBOOKS</subfield>
   <subfield code="e">20120725</subfield>
   <subfield code="p">00b45735</subfield>
   <subfield code="q">00b45735</subfield>
   <subfield code="t">ONLINE</subfield>
   <subfield code="y">0</subfield>
  </datafield>
  <datafield tag="856" ind1="4" ind2="0">
   <subfield code="u">http://www.sciencedirect.com/science/book/9780123725455</subfield>
  </datafield>
  <datafield tag="856" ind1="4" ind2=" ">
   <subfield code="d">/webopac/covers/03/45735_9780123725455.jpg</subfield>
   <subfield code="z">(e-book : PDF)</subfield>
  </datafield>
 </record>
</collection>
